000
00233nam a22000857a 4500
008
160704b xxu||||| |||| 00| 0 eng d
100
_9
1949
_a
Madaan, A
245
_a
Learn About Computers
260
_a
New Delhi
_b
Dreamland Publication
_c
2003
999
_c
1650
_d
1650